Des célébrités portant les initiales N - Statistiques

Statistiques générales
  • Ce quiz a été pris 136 fois
  • Le résultat moyen est 11 sur 22
Statistiques - réponses
Code Indice Célébrité % Correct
NB Empereur français, figure majeure de l’histoire Napoléon Bonaparte
98%
NA Premier homme à avoir marché sur la Lune Neil Armstrong
98%
ND Joueur de tennis serbe, multiple vainqueur en Grand Chelem Novak Djoković
91%
NS Ancien président de la République française Nicolas Sarkozy
87%
NM Leader sud-africain et prix Nobel de la paix Nelson Mandela
82%
NL Chanteuse française révélée par Star Academy Nolwenn Leroy
72%
NP Actrice américano-israélienne, oscarisée pour Black Swan Natalie Portman
62%
NT Inventeur et ingénieur serbo-américain, pionnier de l’électricité Nikola Tesla
62%
NO Joueuse de tennis japonaise, multiple championne du Grand Chelem Naomi Osaka
58%
NC Acteur américain, star de Benjamin Gates et Volte/Face Nicolas Cage
51%
NG Chanteur britannique, ancien membre d’Oasis Noel Gallagher
47%
NK Actrice australienne oscarisée pour The Hours Nicole Kidman
46%
NV Femme politique franco-marocaine, ancienne ministre de l’Éducation Najat Vallaud-Belkacem
41%
NR Pilote de Formule 1 allemand, champion du monde 2016 Nico Rosberg
36%
NW Footballeur espagnol, ailier de l’Athletic Bilbao Nico Williams
35%
NJ Joueur de basket serbe, double MVP NBA Nikola Jokić
35%
NI Chanteuse et actrice australienne, connue pour Torn Natalie Imbruglia
28%
NH Acteur américain, star de How I Met Your Mother Neil Patrick Harris
22%
NY Chanteur et musicien canadien, figure du rock folk Neil Young
21%
NF Footballeur français, champion du monde U20 Nabil Fekir
16%
NN Acteur américain, connu pour 48 Heures et La Ligne rouge Nick Nolte
7%
NE Actrice britannique connue pour Game of Thrones Nathalie Emmanuel
4%
Aucun quiz correspondant
Distribution des résultats
% des personnes avec chaque résultat
Percentile par nombre de réponses
Votre historique - résultats
Vous n’avez pas pris ce quiz